| 000 | 00452nam a22001457a 4500 | ||
|---|---|---|---|
| 005 | 20180723170556.0 | ||
| 020 |
_a0761932305 _c895.00 |
||
| 035 | _aB-167014, B-167013 | ||
| 037 |
_aDPL _bENG |
||
| 100 | _aRajain, Arpit | ||
| 245 |
_aNuclear deterrence in Southern Asia : _bChina, India and Paksitan / _cby Arpit Rajain |
||
| 260 |
_aNew Delhi _bSage Publications _c2005 |
||
| 300 |
_a495p. _c20 cms. |
||
| 942 |
_2ddc _cEN _h355.0217 _mRAJ |
||
| 999 |
_c67605 _d67605 |
||